Principios de marketing.

Saved in:
Bibliographic Details
Main Author: Kotler, Philip (autor)
Other Authors: Armstrong, Gary (autor)
Format: Unknown
Language:English
Published: Madrid, España: Pearson Educación, 2018
Edition:17ª edición.
Subjects:
Tags: Add Tag
No Tags, Be the first to tag this record!

MARC

LEADER 00000 a2200000 4500
003 CL-VaPUC
005 20240412100717.0
008 220419b2018 ||||| |||| 00| 0 eng d
999 |c 435331  |d 435329 
020 |a 978-84-9035-612-8 
040 |c Pontificia Universidad Católica de Valparaíso 
082 7 |a 658.8 KOT 2018  |2 22 
100 |a Kotler, Philip  |9 578348  |e autor 
245 1 |a Principios de marketing.  
250 |a 17ª edición. 
260 |a Madrid, España:   |b Pearson Educación,   |c 2018 
300 |a 765 páginas  
583 |k Cristina María Rojas Aguilar  |c 20220419 
650 0 |a Marketing  |9 259324 
650 0 |a Análisis de mercado   |9 260838 
650 0 |a Satisfacción del cliente  |9 434511 
650 0 |a Responsabilidad social de la empresa  |9 888331 
650 0 |a Nuevos productos  |9 521318 
700 |a Armstrong, Gary  |9 322370  |e autor 
942 |2 ddc  |c BK 
952 |0 0  |1 0  |2 ddc  |4 0  |6 658_800000000000000_KOT_2018  |7 0  |8 R  |9 582631  |a BIBENE  |b BIBENE  |c RES  |d 2022-04-19  |e 3  |g 93751.00  |i 5650811  |l 2  |o 658.8 KOT 2018  |p 5650811  |r 2025-03-12  |s 2025-03-12  |t 2  |v 93751.00  |w 2022-04-19  |y BK_R  |k ICO 
952 |0 0  |1 0  |2 ddc  |4 0  |6 658_800000000000000_KOT_2018  |7 0  |8 R  |9 582632  |a BIBENE  |b BIBENE  |c RES  |d 2022-04-19  |e 3  |g 93751.00  |i 5650814  |l 4  |o 658.8 KOT 2018  |p 5650814  |r 2025-01-15  |s 2023-03-17  |t 5  |v 93751.00  |w 2022-04-19  |y BK_R  |k ICO 
952 |0 0  |1 0  |2 ddc  |4 0  |6 658_800000000000000_KOT_2018  |7 0  |8 R  |9 582633  |a BIBENE  |b BIBENE  |c GEN  |d 2022-04-19  |e 3  |g 93751.00  |i 5650812  |l 9  |o 658.8 KOT 2018  |p 5650812  |r 2025-01-15  |s 2024-10-14  |t 3  |v 93751.00  |w 2022-04-19  |y BK_R  |k ICO 
952 |0 0  |1 0  |2 ddc  |4 0  |6 658_800000000000000_KOT_2018  |7 0  |8 R  |9 582634  |a BIBENE  |b BIBENE  |c RES  |d 2022-04-19  |e 3  |g 93751.00  |i 5650810  |l 4  |o 658.8 KOT 2018  |p 5650810  |r 2025-04-23  |s 2025-04-21  |t 1  |v 93751.00  |w 2022-04-19  |y BK_R  |k ICO 
952 |0 0  |1 0  |2 ddc  |4 0  |6 658_800000000000000_KOT_2018  |7 0  |8 R  |9 582635  |a BIBENE  |b BIBENE  |c RES  |d 2022-04-19  |e 3  |g 93751.00  |i 5650813  |l 5  |o 658.8 KOT 2018  |p 5650813  |r 2025-01-15  |s 2024-08-29  |t 4  |v 93751.00  |w 2022-04-19  |y BK_R  |k ICO